Score 0/15 Timer 05:00
6 Plays Today
% Correct
Hamlet
95.5%
Moby-Dick
93.2%
Animal Farm
88.3%
Charlotte's Web
85.1%
Harry Potter
81.6%
The Hitchhiker's Guide to the Galaxy
80.6%
To Kill a Mockingbird
76.8%
Green Eggs and Ham
65.5%
% Correct
Nineteen Eighty-Four
59.2%
Misery
58.6%
The Hobbit
58.6%
The Dictionary
43.2%
Catch-22
32.4%
Slaughterhouse-Five
21.5%
Alice's Adventures in Wonderland
18.2%
Remove Ads.
Support Sporcle.
Get the best of Sporcle when you Go Orange. This ad-free experience offers more features, more stats, and more fun while also helping to support Sporcle. Thank you for becoming a member.

You're not logged in!

Compare scores with friends on all Sporcle quizzes.
OR
Log In

Show Comments

Extras

Top Quizzes Today


Score Distribution

Your Account Isn't Verified!

In order to create a playlist on Sporcle, you need to verify the email address you used during registration. Go to your Sporcle Settings to finish the process.

Report this User

Report this user for behavior that violates our Community Guidelines.

Details: